000 00978nam0a22002411 4500
001 rc\4496139
005 20130416173109.0
035 _a(NLR Aleph) 008340019
090 _a8871388
_c8871388
100 _a20130416d1964 |||y0rusy50 ca
101 0 _arus
102 _aRU
105 _aa z |||||
200 1 _aГрупповое приспособление к доводочному станку
_fГос. Ком. Совета Министров РСФСР по координации науч.-исслед. работ. Гос. Науч.-исслед. ин-т науч. и техн. информации
210 _aМосква
_cБ. и.
_d1964
215 _a5 с.
_cчерт.
_d15
225 1 _aПередовой научно-технический и производственный опыт
_v№ 24-64-675/214
700 1 _aКузнецов
_bН. А.
801 0 _aRU
_bNLR
_gpsbo
801 1 _aRU
_bELAR
_2rusmarc
852 _aNLR
_jП11/2295
942 _cBOOK
980 _aNB